| LEADER |
00837nam0a2200181 450 |
| 001 |
16825019 |
| 010 |
|
|
|a 979-1028100605
|b Br.
|d 17,9
|
| 100 |
|
|
|a 20160527d2026 u u0frey01 ba
|
| 101 |
0 |
|
|a fre
|
| 200 |
0 |
|
|a Serment de Skande
|f Pierre Pevel
|
| 207 |
|
1 |
|a
|
| 210 |
|
|
|a Paris
|c Bragelonne
|
| 330 |
|
|
|a Samarande, un an plus tard. Iryän libère Svern, son complice et ami qui croupit en prison. Pour y parvenir, il se met à dos une redoutable bande de malfrats, mais ce n'est pas le pire danger qui le menace. Un vieil ennemi est de retour et d'autres apparaissent, tout aussi dangereux.
|
| 461 |
|
0 |
|t Haut-Royaume. Les septs cités
|v 2
|
| 700 |
|
0 |
|a Pevel
|b Pierre
|f 1968-....
|4 70
|
| 900 |
|
|
|a Science Fiction
|
| 901 |
|
|
|a Accessible au prêt
|
| 995 |
|
|
|a Bibliothèque
|c Bibliothèque
|f 024017100
|h 024017100
|k SF PEV 2
|o p
|q a
|r az
|e Bibliothèque
|